<?xml version="1.0" encoding="UTF-8"?>
<record
    xmlns:xsi="http://www.w3.org/2001/XMLSchema-instance"
    xsi:schemaLocation="http://www.loc.gov/MARC21/slim http://www.loc.gov/standards/marcxml/schema/MARC21slim.xsd"
    xmlns="http://www.loc.gov/MARC21/slim">

  <leader>01075nas a2200241 454500</leader>
  <controlfield tag="001">24181</controlfield>
  <controlfield tag="005">20260407193506.0</controlfield>
  <controlfield tag="008">260407s1969####ag###########|||spa#d</controlfield>
  <controlfield tag="003">AR-UNSa-BCEJYS</controlfield>
  <datafield tag="040" ind1=" " ind2=" ">
    <subfield code="a">AR-UNSa-BCEJYS</subfield>
    <subfield code="b">spa</subfield>
    <subfield code="c">AR-UNSa-BCEJYS</subfield>
  </datafield>
  <datafield tag="080" ind1=" " ind2=" ">
    <subfield code="a">311.3</subfield>
    <subfield code="x">Organizaci&#xF3;n general de las estadisticas. Estad&#xED;stica oficial</subfield>
  </datafield>
  <datafield tag="245" ind1="1" ind2="0">
    <subfield code="a">Costo de la construcci&#xF3;n</subfield>
  </datafield>
  <datafield tag="264" ind1=" " ind2="1">
    <subfield code="a">Buenos Aires :</subfield>
    <subfield code="b">INDEC</subfield>
    <subfield code="c">1969</subfield>
  </datafield>
  <datafield tag="310" ind1=" " ind2=" ">
    <subfield code="a">Frecuencia: Mensual
Se fusion&#xF3; con: Indice de Precios al Consumidor y Salarios Industriales; Precios al Por Mayor e Intercambio Comercial, 1966-1972; n.1 1973 - n.139 1984, para convertirse en: Estad&#xED;stica Mensual. INDEC n.145 1985-v.5 n.12 1995</subfield>
  </datafield>
  <datafield tag="942" ind1=" " ind2=" ">
    <subfield code="c">SER</subfield>
  </datafield>
  <datafield tag="590" ind1=" " ind2=" ">
    <subfield code="a">niveau_biblio:s niveau_hierar:1</subfield>
  </datafield>
  <datafield tag="100" ind1="1" ind2=" ">
    <subfield code="a">Instituto Nacional de Estad&#xED;stica y Censos (INDEC)</subfield>
  </datafield>
  <datafield tag="650" ind1=" " ind2=" ">
    <subfield code="a">Materiales de construcci&#xF3;n</subfield>
  </datafield>
  <datafield tag="650" ind1=" " ind2=" ">
    <subfield code="a">ESTADISTICA</subfield>
  </datafield>
  <datafield tag="650" ind1=" " ind2=" ">
    <subfield code="a">Costos de construcci&#xF3;n</subfield>
  </datafield>
  <datafield tag="650" ind1=" " ind2=" ">
    <subfield code="a">Datos estad&#xED;sticos</subfield>
  </datafield>
  <datafield tag="856" ind1="4" ind2="1">
    <subfield code="u">https://biblioeco.unsa.edu.ar/pmb/images/revistas/Costo de la Contruccion.jpg</subfield>
    <subfield code="y">Imagen de portada</subfield>
    <subfield code="q">image/jpeg</subfield>
  </datafield>
  <datafield tag="999" ind1=" " ind2=" ">
    <subfield code="c">8574</subfield>
    <subfield code="d">8574</subfield>
  </datafield>
  <datafield tag="952" ind1=" " ind2=" ">
    <subfield code="0">0</subfield>
    <subfield code="1">0</subfield>
    <subfield code="4">0</subfield>
    <subfield code="7">0</subfield>
    <subfield code="a">BCEJYS</subfield>
    <subfield code="b">BCEJYS</subfield>
    <subfield code="c">17</subfield>
    <subfield code="d">1972-12-01</subfield>
    <subfield code="h">N&#xBA; 48 - dic. 1972</subfield>
    <subfield code="l">0</subfield>
    <subfield code="o">H311.3 CON 48</subfield>
    <subfield code="p">R11588</subfield>
    <subfield code="r">2026-04-10 16:08:18</subfield>
    <subfield code="w">2026-04-10</subfield>
    <subfield code="y">RN</subfield>
  </datafield>
  <datafield tag="952" ind1=" " ind2=" ">
    <subfield code="0">0</subfield>
    <subfield code="1">0</subfield>
    <subfield code="4">0</subfield>
    <subfield code="7">0</subfield>
    <subfield code="a">BCEJYS</subfield>
    <subfield code="b">BCEJYS</subfield>
    <subfield code="c">17</subfield>
    <subfield code="d">1972-11-01</subfield>
    <subfield code="h">N&#xBA; 47 - nov. 1972</subfield>
    <subfield code="l">0</subfield>
    <subfield code="o">H311.3 CON 47</subfield>
    <subfield code="p">R11587</subfield>
    <subfield code="r">2026-04-10 16:08:18</subfield>
    <subfield code="w">2026-04-10</subfield>
    <subfield code="y">RN</subfield>
  </datafield>
  <datafield tag="952" ind1=" " ind2=" ">
    <subfield code="0">0</subfield>
    <subfield code="1">0</subfield>
    <subfield code="4">0</subfield>
    <subfield code="7">0</subfield>
    <subfield code="a">BCEJYS</subfield>
    <subfield code="b">BCEJYS</subfield>
    <subfield code="c">17</subfield>
    <subfield code="d">1972-10-01</subfield>
    <subfield code="h">N&#xBA; 46 - oct. 1972</subfield>
    <subfield code="l">0</subfield>
    <subfield code="o">H311.3 CON 46</subfield>
    <subfield code="p">R11586</subfield>
    <subfield code="r">2026-04-10 16:08:18</subfield>
    <subfield code="w">2026-04-10</subfield>
    <subfield code="y">RN</subfield>
  </datafield>
  <datafield tag="952" ind1=" " ind2=" ">
    <subfield code="0">0</subfield>
    <subfield code="1">0</subfield>
    <subfield code="4">0</subfield>
    <subfield code="7">0</subfield>
    <subfield code="a">BCEJYS</subfield>
    <subfield code="b">BCEJYS</subfield>
    <subfield code="c">17</subfield>
    <subfield code="d">1972-09-01</subfield>
    <subfield code="h">N&#xBA; 45 - sep. 1972</subfield>
    <subfield code="l">0</subfield>
    <subfield code="o">H311.3 CON 45</subfield>
    <subfield code="p">R11585</subfield>
    <subfield code="r">2026-04-10 16:08:18</subfield>
    <subfield code="w">2026-04-10</subfield>
    <subfield code="y">RN</subfield>
  </datafield>
  <datafield tag="952" ind1=" " ind2=" ">
    <subfield code="0">0</subfield>
    <subfield code="1">0</subfield>
    <subfield code="4">0</subfield>
    <subfield code="7">0</subfield>
    <subfield code="a">BCEJYS</subfield>
    <subfield code="b">BCEJYS</subfield>
    <subfield code="c">17</subfield>
    <subfield code="d">1972-08-01</subfield>
    <subfield code="h">N&#xBA; 44 - ago. 1972</subfield>
    <subfield code="l">0</subfield>
    <subfield code="o">H311.3 CON 44</subfield>
    <subfield code="p">R11584</subfield>
    <subfield code="r">2026-04-10 16:08:18</subfield>
    <subfield code="w">2026-04-10</subfield>
    <subfield code="y">RN</subfield>
  </datafield>
  <datafield tag="952" ind1=" " ind2=" ">
    <subfield code="0">0</subfield>
    <subfield code="1">0</subfield>
    <subfield code="4">0</subfield>
    <subfield code="7">0</subfield>
    <subfield code="a">BCEJYS</subfield>
    <subfield code="b">BCEJYS</subfield>
    <subfield code="c">17</subfield>
    <subfield code="d">1972-07-01</subfield>
    <subfield code="h">N&#xBA; 43 - jul. 1972</subfield>
    <subfield code="l">0</subfield>
    <subfield code="o">H311.3 CON 43</subfield>
    <subfield code="p">R11583</subfield>
    <subfield code="r">2026-04-10 16:08:18</subfield>
    <subfield code="w">2026-04-10</subfield>
    <subfield code="y">RN</subfield>
  </datafield>
  <datafield tag="952" ind1=" " ind2=" ">
    <subfield code="0">0</subfield>
    <subfield code="1">0</subfield>
    <subfield code="4">0</subfield>
    <subfield code="7">0</subfield>
    <subfield code="a">BCEJYS</subfield>
    <subfield code="b">BCEJYS</subfield>
    <subfield code="c">17</subfield>
    <subfield code="d">1972-06-01</subfield>
    <subfield code="h">N&#xBA; 42 - jun. 1972</subfield>
    <subfield code="l">0</subfield>
    <subfield code="o">H311.3 CON 42</subfield>
    <subfield code="p">R11582</subfield>
    <subfield code="r">2026-04-10 16:08:18</subfield>
    <subfield code="w">2026-04-10</subfield>
    <subfield code="y">RN</subfield>
  </datafield>
  <datafield tag="952" ind1=" " ind2=" ">
    <subfield code="0">0</subfield>
    <subfield code="1">0</subfield>
    <subfield code="4">0</subfield>
    <subfield code="7">0</subfield>
    <subfield code="a">BCEJYS</subfield>
    <subfield code="b">BCEJYS</subfield>
    <subfield code="c">17</subfield>
    <subfield code="d">1972-05-01</subfield>
    <subfield code="h">N&#xBA; 41 - mayo 1972</subfield>
    <subfield code="l">0</subfield>
    <subfield code="o">H311.3 CON 41</subfield>
    <subfield code="p">R11581</subfield>
    <subfield code="r">2026-04-10 16:08:18</subfield>
    <subfield code="w">2026-04-10</subfield>
    <subfield code="y">RN</subfield>
  </datafield>
  <datafield tag="952" ind1=" " ind2=" ">
    <subfield code="0">0</subfield>
    <subfield code="1">0</subfield>
    <subfield code="4">0</subfield>
    <subfield code="7">0</subfield>
    <subfield code="a">BCEJYS</subfield>
    <subfield code="b">BCEJYS</subfield>
    <subfield code="c">17</subfield>
    <subfield code="d">1972-04-01</subfield>
    <subfield code="h">N&#xBA; 40 - abr. 1972</subfield>
    <subfield code="l">0</subfield>
    <subfield code="o">H311.3 CON 40</subfield>
    <subfield code="p">R11580</subfield>
    <subfield code="r">2026-04-10 16:08:18</subfield>
    <subfield code="w">2026-04-10</subfield>
    <subfield code="y">RN</subfield>
  </datafield>
  <datafield tag="952" ind1=" " ind2=" ">
    <subfield code="0">0</subfield>
    <subfield code="1">0</subfield>
    <subfield code="4">0</subfield>
    <subfield code="7">0</subfield>
    <subfield code="a">BCEJYS</subfield>
    <subfield code="b">BCEJYS</subfield>
    <subfield code="c">17</subfield>
    <subfield code="d">1972-03-01</subfield>
    <subfield code="h">N&#xBA; 39 - mar. 1972</subfield>
    <subfield code="l">0</subfield>
    <subfield code="o">H311.3 CON 39</subfield>
    <subfield code="p">R11579</subfield>
    <subfield code="r">2026-04-10 16:08:18</subfield>
    <subfield code="w">2026-04-10</subfield>
    <subfield code="y">RN</subfield>
  </datafield>
  <datafield tag="952" ind1=" " ind2=" ">
    <subfield code="0">0</subfield>
    <subfield code="1">0</subfield>
    <subfield code="4">0</subfield>
    <subfield code="7">0</subfield>
    <subfield code="a">BCEJYS</subfield>
    <subfield code="b">BCEJYS</subfield>
    <subfield code="c">17</subfield>
    <subfield code="d">1972-02-01</subfield>
    <subfield code="h">N&#xBA; 38 - feb. 1972</subfield>
    <subfield code="l">0</subfield>
    <subfield code="o">H311.3 CON 38</subfield>
    <subfield code="p">R11578</subfield>
    <subfield code="r">2026-04-10 16:08:18</subfield>
    <subfield code="w">2026-04-10</subfield>
    <subfield code="y">RN</subfield>
  </datafield>
  <datafield tag="952" ind1=" " ind2=" ">
    <subfield code="0">0</subfield>
    <subfield code="1">0</subfield>
    <subfield code="4">0</subfield>
    <subfield code="7">0</subfield>
    <subfield code="a">BCEJYS</subfield>
    <subfield code="b">BCEJYS</subfield>
    <subfield code="c">17</subfield>
    <subfield code="d">1972-01-01</subfield>
    <subfield code="h">N&#xBA; 37 - ene. 1972</subfield>
    <subfield code="l">0</subfield>
    <subfield code="o">H311.3 CON 37</subfield>
    <subfield code="p">R11577</subfield>
    <subfield code="r">2026-04-10 16:08:18</subfield>
    <subfield code="w">2026-04-10</subfield>
    <subfield code="y">RN</subfield>
  </datafield>
  <datafield tag="952" ind1=" " ind2=" ">
    <subfield code="0">0</subfield>
    <subfield code="1">0</subfield>
    <subfield code="4">0</subfield>
    <subfield code="7">0</subfield>
    <subfield code="a">BCEJYS</subfield>
    <subfield code="b">BCEJYS</subfield>
    <subfield code="c">17</subfield>
    <subfield code="d">1971-12-01</subfield>
    <subfield code="h">N&#xBA; 36 - dic. 1971</subfield>
    <subfield code="l">0</subfield>
    <subfield code="o">H311.3 CON 36</subfield>
    <subfield code="p">R11576</subfield>
    <subfield code="r">2026-04-10 16:08:18</subfield>
    <subfield code="w">2026-04-10</subfield>
    <subfield code="y">RN</subfield>
  </datafield>
  <datafield tag="952" ind1=" " ind2=" ">
    <subfield code="0">0</subfield>
    <subfield code="1">0</subfield>
    <subfield code="4">0</subfield>
    <subfield code="7">0</subfield>
    <subfield code="a">BCEJYS</subfield>
    <subfield code="b">BCEJYS</subfield>
    <subfield code="c">17</subfield>
    <subfield code="d">1971-11-01</subfield>
    <subfield code="h">N&#xBA; 35 - nov. 1971</subfield>
    <subfield code="l">0</subfield>
    <subfield code="o">H311.3 CON 35</subfield>
    <subfield code="p">R11575</subfield>
    <subfield code="r">2026-04-10 16:08:18</subfield>
    <subfield code="w">2026-04-10</subfield>
    <subfield code="y">RN</subfield>
  </datafield>
  <datafield tag="952" ind1=" " ind2=" ">
    <subfield code="0">0</subfield>
    <subfield code="1">0</subfield>
    <subfield code="4">0</subfield>
    <subfield code="7">0</subfield>
    <subfield code="a">BCEJYS</subfield>
    <subfield code="b">BCEJYS</subfield>
    <subfield code="c">17</subfield>
    <subfield code="d">1971-10-01</subfield>
    <subfield code="h">N&#xBA; 34 - oct. 1971</subfield>
    <subfield code="l">0</subfield>
    <subfield code="o">H311.3 CON 34</subfield>
    <subfield code="p">R11574</subfield>
    <subfield code="r">2026-04-10 16:08:18</subfield>
    <subfield code="w">2026-04-10</subfield>
    <subfield code="y">RN</subfield>
  </datafield>
  <datafield tag="952" ind1=" " ind2=" ">
    <subfield code="0">0</subfield>
    <subfield code="1">0</subfield>
    <subfield code="4">0</subfield>
    <subfield code="7">0</subfield>
    <subfield code="a">BCEJYS</subfield>
    <subfield code="b">BCEJYS</subfield>
    <subfield code="c">17</subfield>
    <subfield code="d">1971-09-01</subfield>
    <subfield code="h">N&#xBA; 33 - sep. 1971</subfield>
    <subfield code="l">0</subfield>
    <subfield code="o">H311.3 CON 33</subfield>
    <subfield code="p">R11573</subfield>
    <subfield code="r">2026-04-10 16:08:18</subfield>
    <subfield code="w">2026-04-10</subfield>
    <subfield code="y">RN</subfield>
  </datafield>
  <datafield tag="952" ind1=" " ind2=" ">
    <subfield code="0">0</subfield>
    <subfield code="1">0</subfield>
    <subfield code="4">0</subfield>
    <subfield code="7">0</subfield>
    <subfield code="a">BCEJYS</subfield>
    <subfield code="b">BCEJYS</subfield>
    <subfield code="c">17</subfield>
    <subfield code="d">1971-08-01</subfield>
    <subfield code="h">N&#xBA; 32 - ago. 1971</subfield>
    <subfield code="l">0</subfield>
    <subfield code="o">H311.3 CON 32</subfield>
    <subfield code="p">R11572</subfield>
    <subfield code="r">2026-04-10 16:08:18</subfield>
    <subfield code="w">2026-04-10</subfield>
    <subfield code="y">RN</subfield>
  </datafield>
  <datafield tag="952" ind1=" " ind2=" ">
    <subfield code="0">0</subfield>
    <subfield code="1">0</subfield>
    <subfield code="4">0</subfield>
    <subfield code="7">0</subfield>
    <subfield code="a">BCEJYS</subfield>
    <subfield code="b">BCEJYS</subfield>
    <subfield code="c">17</subfield>
    <subfield code="d">1971-06-01</subfield>
    <subfield code="h">N&#xBA; 30/31 - jjun./jul. 1971</subfield>
    <subfield code="l">0</subfield>
    <subfield code="o">H311.3 CON 30/31</subfield>
    <subfield code="p">R11571</subfield>
    <subfield code="r">2026-04-10 16:08:18</subfield>
    <subfield code="w">2026-04-10</subfield>
    <subfield code="y">RN</subfield>
  </datafield>
  <datafield tag="952" ind1=" " ind2=" ">
    <subfield code="0">0</subfield>
    <subfield code="1">0</subfield>
    <subfield code="4">0</subfield>
    <subfield code="7">0</subfield>
    <subfield code="a">BCEJYS</subfield>
    <subfield code="b">BCEJYS</subfield>
    <subfield code="c">17</subfield>
    <subfield code="d">1971-04-01</subfield>
    <subfield code="h">N&#xBA; 28/29 - abr./mayo 1971</subfield>
    <subfield code="l">0</subfield>
    <subfield code="o">H311.3 CON 28/29</subfield>
    <subfield code="p">R11570</subfield>
    <subfield code="r">2026-04-10 16:08:18</subfield>
    <subfield code="w">2026-04-10</subfield>
    <subfield code="y">RN</subfield>
  </datafield>
  <datafield tag="952" ind1=" " ind2=" ">
    <subfield code="0">0</subfield>
    <subfield code="1">0</subfield>
    <subfield code="4">0</subfield>
    <subfield code="7">0</subfield>
    <subfield code="a">BCEJYS</subfield>
    <subfield code="b">BCEJYS</subfield>
    <subfield code="c">17</subfield>
    <subfield code="d">1971-03-01</subfield>
    <subfield code="h">N&#xBA; 27 - mar. 1971</subfield>
    <subfield code="l">0</subfield>
    <subfield code="o">H311.3 CON 27</subfield>
    <subfield code="p">R11569</subfield>
    <subfield code="r">2026-04-10 16:08:18</subfield>
    <subfield code="w">2026-04-10</subfield>
    <subfield code="y">RN</subfield>
  </datafield>
  <datafield tag="952" ind1=" " ind2=" ">
    <subfield code="0">0</subfield>
    <subfield code="1">0</subfield>
    <subfield code="4">0</subfield>
    <subfield code="7">0</subfield>
    <subfield code="a">BCEJYS</subfield>
    <subfield code="b">BCEJYS</subfield>
    <subfield code="c">17</subfield>
    <subfield code="d">1971-02-01</subfield>
    <subfield code="h">N&#xBA; 26 - feb. 1971</subfield>
    <subfield code="l">0</subfield>
    <subfield code="o">H311.3 CON 26</subfield>
    <subfield code="p">R11568</subfield>
    <subfield code="r">2026-04-10 16:08:18</subfield>
    <subfield code="w">2026-04-10</subfield>
    <subfield code="y">RN</subfield>
  </datafield>
  <datafield tag="952" ind1=" " ind2=" ">
    <subfield code="0">0</subfield>
    <subfield code="1">0</subfield>
    <subfield code="4">0</subfield>
    <subfield code="7">0</subfield>
    <subfield code="a">BCEJYS</subfield>
    <subfield code="b">BCEJYS</subfield>
    <subfield code="c">17</subfield>
    <subfield code="d">1971-01-01</subfield>
    <subfield code="h">N&#xBA; 25 - ene. 1971</subfield>
    <subfield code="l">0</subfield>
    <subfield code="o">H311.3 CON 25</subfield>
    <subfield code="p">R11567</subfield>
    <subfield code="r">2026-04-10 16:08:18</subfield>
    <subfield code="w">2026-04-10</subfield>
    <subfield code="y">RN</subfield>
  </datafield>
  <datafield tag="952" ind1=" " ind2=" ">
    <subfield code="0">0</subfield>
    <subfield code="1">0</subfield>
    <subfield code="4">0</subfield>
    <subfield code="7">0</subfield>
    <subfield code="a">BCEJYS</subfield>
    <subfield code="b">BCEJYS</subfield>
    <subfield code="c">17</subfield>
    <subfield code="d">1970-12-01</subfield>
    <subfield code="h">N&#xBA; 24 - dic. 1970</subfield>
    <subfield code="l">0</subfield>
    <subfield code="o">H311.3 CON 24</subfield>
    <subfield code="p">R11566</subfield>
    <subfield code="r">2026-04-10 16:08:18</subfield>
    <subfield code="w">2026-04-10</subfield>
    <subfield code="y">RN</subfield>
  </datafield>
  <datafield tag="952" ind1=" " ind2=" ">
    <subfield code="0">0</subfield>
    <subfield code="1">0</subfield>
    <subfield code="4">0</subfield>
    <subfield code="7">0</subfield>
    <subfield code="a">BCEJYS</subfield>
    <subfield code="b">BCEJYS</subfield>
    <subfield code="c">17</subfield>
    <subfield code="d">1970-11-01</subfield>
    <subfield code="h">N&#xBA; 23 - nov. 1970</subfield>
    <subfield code="l">0</subfield>
    <subfield code="o">H311.3 CON 23</subfield>
    <subfield code="p">R11565</subfield>
    <subfield code="r">2026-04-10 16:08:18</subfield>
    <subfield code="w">2026-04-10</subfield>
    <subfield code="y">RN</subfield>
  </datafield>
  <datafield tag="952" ind1=" " ind2=" ">
    <subfield code="0">0</subfield>
    <subfield code="1">0</subfield>
    <subfield code="4">0</subfield>
    <subfield code="7">0</subfield>
    <subfield code="a">BCEJYS</subfield>
    <subfield code="b">BCEJYS</subfield>
    <subfield code="c">17</subfield>
    <subfield code="d">1970-10-01</subfield>
    <subfield code="h">N&#xBA; 22 - oct. 1970</subfield>
    <subfield code="l">0</subfield>
    <subfield code="o">H311.3 CON 22</subfield>
    <subfield code="p">R11564</subfield>
    <subfield code="r">2026-04-10 16:08:18</subfield>
    <subfield code="w">2026-04-10</subfield>
    <subfield code="y">RN</subfield>
  </datafield>
  <datafield tag="952" ind1=" " ind2=" ">
    <subfield code="0">0</subfield>
    <subfield code="1">0</subfield>
    <subfield code="4">0</subfield>
    <subfield code="7">0</subfield>
    <subfield code="a">BCEJYS</subfield>
    <subfield code="b">BCEJYS</subfield>
    <subfield code="c">17</subfield>
    <subfield code="d">1970-09-01</subfield>
    <subfield code="h">N&#xBA; 21 - sep. 1970</subfield>
    <subfield code="l">0</subfield>
    <subfield code="o">H311.3 CON 21</subfield>
    <subfield code="p">R11563</subfield>
    <subfield code="r">2026-04-10 16:08:18</subfield>
    <subfield code="w">2026-04-10</subfield>
    <subfield code="y">RN</subfield>
  </datafield>
  <datafield tag="952" ind1=" " ind2=" ">
    <subfield code="0">0</subfield>
    <subfield code="1">0</subfield>
    <subfield code="4">0</subfield>
    <subfield code="7">0</subfield>
    <subfield code="a">BCEJYS</subfield>
    <subfield code="b">BCEJYS</subfield>
    <subfield code="c">17</subfield>
    <subfield code="d">1970-07-01</subfield>
    <subfield code="h">N&#xBA; 19/20 - jul./ago. 1970</subfield>
    <subfield code="l">0</subfield>
    <subfield code="o">H311.3 CON 19/20</subfield>
    <subfield code="p">R11562</subfield>
    <subfield code="r">2026-04-10 16:08:18</subfield>
    <subfield code="w">2026-04-10</subfield>
    <subfield code="y">RN</subfield>
  </datafield>
  <datafield tag="952" ind1=" " ind2=" ">
    <subfield code="0">0</subfield>
    <subfield code="1">0</subfield>
    <subfield code="4">0</subfield>
    <subfield code="7">0</subfield>
    <subfield code="a">BCEJYS</subfield>
    <subfield code="b">BCEJYS</subfield>
    <subfield code="c">17</subfield>
    <subfield code="d">1970-06-01</subfield>
    <subfield code="h">N&#xBA; 18 - jun. 1970</subfield>
    <subfield code="l">0</subfield>
    <subfield code="o">H311.3 CON 18</subfield>
    <subfield code="p">R11561</subfield>
    <subfield code="r">2026-04-10 16:08:18</subfield>
    <subfield code="w">2026-04-10</subfield>
    <subfield code="y">RN</subfield>
  </datafield>
  <datafield tag="952" ind1=" " ind2=" ">
    <subfield code="0">0</subfield>
    <subfield code="1">0</subfield>
    <subfield code="4">0</subfield>
    <subfield code="7">0</subfield>
    <subfield code="a">BCEJYS</subfield>
    <subfield code="b">BCEJYS</subfield>
    <subfield code="c">17</subfield>
    <subfield code="d">1970-05-01</subfield>
    <subfield code="h">N&#xBA; 17 - mayo 1970</subfield>
    <subfield code="l">0</subfield>
    <subfield code="o">H311.3 CON 17</subfield>
    <subfield code="p">R11560</subfield>
    <subfield code="r">2026-04-10 16:08:18</subfield>
    <subfield code="w">2026-04-10</subfield>
    <subfield code="y">RN</subfield>
  </datafield>
  <datafield tag="952" ind1=" " ind2=" ">
    <subfield code="0">0</subfield>
    <subfield code="1">0</subfield>
    <subfield code="4">0</subfield>
    <subfield code="7">0</subfield>
    <subfield code="a">BCEJYS</subfield>
    <subfield code="b">BCEJYS</subfield>
    <subfield code="c">17</subfield>
    <subfield code="d">1970-04-01</subfield>
    <subfield code="h">N&#xBA; 16 - abr. 1970</subfield>
    <subfield code="l">0</subfield>
    <subfield code="o">H311.3 CON 16</subfield>
    <subfield code="p">R11559</subfield>
    <subfield code="r">2026-04-10 16:08:18</subfield>
    <subfield code="w">2026-04-10</subfield>
    <subfield code="y">RN</subfield>
  </datafield>
  <datafield tag="952" ind1=" " ind2=" ">
    <subfield code="0">0</subfield>
    <subfield code="1">0</subfield>
    <subfield code="4">0</subfield>
    <subfield code="7">0</subfield>
    <subfield code="a">BCEJYS</subfield>
    <subfield code="b">BCEJYS</subfield>
    <subfield code="c">17</subfield>
    <subfield code="d">1970-03-01</subfield>
    <subfield code="h">N&#xBA; 15 - mar. 1970</subfield>
    <subfield code="l">0</subfield>
    <subfield code="o">H311.3 CON 15</subfield>
    <subfield code="p">R11558</subfield>
    <subfield code="r">2026-04-10 16:08:18</subfield>
    <subfield code="w">2026-04-10</subfield>
    <subfield code="y">RN</subfield>
  </datafield>
  <datafield tag="952" ind1=" " ind2=" ">
    <subfield code="0">0</subfield>
    <subfield code="1">0</subfield>
    <subfield code="4">0</subfield>
    <subfield code="7">0</subfield>
    <subfield code="a">BCEJYS</subfield>
    <subfield code="b">BCEJYS</subfield>
    <subfield code="c">17</subfield>
    <subfield code="d">1970-02-01</subfield>
    <subfield code="h">N&#xBA; 14 - feb. 1970</subfield>
    <subfield code="l">0</subfield>
    <subfield code="o">H311.3 CON 14</subfield>
    <subfield code="p">R11557</subfield>
    <subfield code="r">2026-04-10 16:08:18</subfield>
    <subfield code="w">2026-04-10</subfield>
    <subfield code="y">RN</subfield>
  </datafield>
  <datafield tag="952" ind1=" " ind2=" ">
    <subfield code="0">0</subfield>
    <subfield code="1">0</subfield>
    <subfield code="4">0</subfield>
    <subfield code="7">0</subfield>
    <subfield code="a">BCEJYS</subfield>
    <subfield code="b">BCEJYS</subfield>
    <subfield code="c">17</subfield>
    <subfield code="d">1970-01-01</subfield>
    <subfield code="h">N&#xBA; 13 - ene. 1970</subfield>
    <subfield code="l">0</subfield>
    <subfield code="o">H311.3 CON 13</subfield>
    <subfield code="p">R11556</subfield>
    <subfield code="r">2026-04-10 16:08:18</subfield>
    <subfield code="w">2026-04-10</subfield>
    <subfield code="y">RN</subfield>
  </datafield>
  <datafield tag="952" ind1=" " ind2=" ">
    <subfield code="0">0</subfield>
    <subfield code="1">0</subfield>
    <subfield code="4">0</subfield>
    <subfield code="7">0</subfield>
    <subfield code="a">BCEJYS</subfield>
    <subfield code="b">BCEJYS</subfield>
    <subfield code="c">17</subfield>
    <subfield code="d">1969-12-01</subfield>
    <subfield code="h">N&#xBA; 12 - dic. 1969</subfield>
    <subfield code="l">0</subfield>
    <subfield code="o">H311.3 CON 12</subfield>
    <subfield code="p">R11555</subfield>
    <subfield code="r">2026-04-10 16:08:18</subfield>
    <subfield code="w">2026-04-10</subfield>
    <subfield code="y">RN</subfield>
  </datafield>
  <datafield tag="952" ind1=" " ind2=" ">
    <subfield code="0">0</subfield>
    <subfield code="1">0</subfield>
    <subfield code="4">0</subfield>
    <subfield code="7">0</subfield>
    <subfield code="a">BCEJYS</subfield>
    <subfield code="b">BCEJYS</subfield>
    <subfield code="c">17</subfield>
    <subfield code="d">1969-11-01</subfield>
    <subfield code="h">N&#xBA; 11 - nov. 1969</subfield>
    <subfield code="l">0</subfield>
    <subfield code="o">H311.3 CON 11</subfield>
    <subfield code="p">R11554</subfield>
    <subfield code="r">2026-04-10 16:08:18</subfield>
    <subfield code="w">2026-04-10</subfield>
    <subfield code="y">RN</subfield>
  </datafield>
  <datafield tag="952" ind1=" " ind2=" ">
    <subfield code="0">0</subfield>
    <subfield code="1">0</subfield>
    <subfield code="4">0</subfield>
    <subfield code="7">0</subfield>
    <subfield code="a">BCEJYS</subfield>
    <subfield code="b">BCEJYS</subfield>
    <subfield code="c">17</subfield>
    <subfield code="d">1969-10-01</subfield>
    <subfield code="h">N&#xBA; 10 - oct. 1969</subfield>
    <subfield code="l">0</subfield>
    <subfield code="o">H311.3 CON 10</subfield>
    <subfield code="p">R11553</subfield>
    <subfield code="r">2026-04-10 16:08:18</subfield>
    <subfield code="w">2026-04-10</subfield>
    <subfield code="y">RN</subfield>
  </datafield>
  <datafield tag="952" ind1=" " ind2=" ">
    <subfield code="0">0</subfield>
    <subfield code="1">0</subfield>
    <subfield code="4">0</subfield>
    <subfield code="7">0</subfield>
    <subfield code="a">BCEJYS</subfield>
    <subfield code="b">BCEJYS</subfield>
    <subfield code="c">17</subfield>
    <subfield code="d">1969-09-01</subfield>
    <subfield code="h">N&#xBA; 9 - sep. 1969</subfield>
    <subfield code="l">0</subfield>
    <subfield code="o">H311.3 CON 9</subfield>
    <subfield code="p">R11552</subfield>
    <subfield code="r">2026-04-10 16:08:18</subfield>
    <subfield code="w">2026-04-10</subfield>
    <subfield code="y">RN</subfield>
  </datafield>
  <datafield tag="952" ind1=" " ind2=" ">
    <subfield code="0">0</subfield>
    <subfield code="1">0</subfield>
    <subfield code="4">0</subfield>
    <subfield code="7">0</subfield>
    <subfield code="a">BCEJYS</subfield>
    <subfield code="b">BCEJYS</subfield>
    <subfield code="c">17</subfield>
    <subfield code="d">1969-08-01</subfield>
    <subfield code="h">N&#xBA; 8 - ago. 1969</subfield>
    <subfield code="l">0</subfield>
    <subfield code="o">H311.3 CON 8</subfield>
    <subfield code="p">R11551</subfield>
    <subfield code="r">2026-04-10 16:08:18</subfield>
    <subfield code="w">2026-04-10</subfield>
    <subfield code="y">RN</subfield>
  </datafield>
  <datafield tag="952" ind1=" " ind2=" ">
    <subfield code="0">0</subfield>
    <subfield code="1">0</subfield>
    <subfield code="4">0</subfield>
    <subfield code="7">0</subfield>
    <subfield code="a">BCEJYS</subfield>
    <subfield code="b">BCEJYS</subfield>
    <subfield code="c">17</subfield>
    <subfield code="d">1969-07-01</subfield>
    <subfield code="h">N&#xBA; 7 - jul. 1969</subfield>
    <subfield code="l">0</subfield>
    <subfield code="o">H311.3 CON 7</subfield>
    <subfield code="p">R11550</subfield>
    <subfield code="r">2026-04-10 16:08:18</subfield>
    <subfield code="w">2026-04-10</subfield>
    <subfield code="y">RN</subfield>
  </datafield>
  <datafield tag="952" ind1=" " ind2=" ">
    <subfield code="0">0</subfield>
    <subfield code="1">0</subfield>
    <subfield code="4">0</subfield>
    <subfield code="7">0</subfield>
    <subfield code="a">BCEJYS</subfield>
    <subfield code="b">BCEJYS</subfield>
    <subfield code="c">17</subfield>
    <subfield code="d">1969-06-01</subfield>
    <subfield code="h">N&#xBA; 6 - jun. 1969</subfield>
    <subfield code="l">0</subfield>
    <subfield code="o">H311.3 CON 6</subfield>
    <subfield code="p">R11549</subfield>
    <subfield code="r">2026-04-10 16:08:18</subfield>
    <subfield code="w">2026-04-10</subfield>
    <subfield code="y">RN</subfield>
  </datafield>
  <datafield tag="952" ind1=" " ind2=" ">
    <subfield code="0">0</subfield>
    <subfield code="1">0</subfield>
    <subfield code="4">0</subfield>
    <subfield code="7">0</subfield>
    <subfield code="a">BCEJYS</subfield>
    <subfield code="b">BCEJYS</subfield>
    <subfield code="c">17</subfield>
    <subfield code="d">1969-05-01</subfield>
    <subfield code="h">N&#xBA; 5 - mayo 1969</subfield>
    <subfield code="l">0</subfield>
    <subfield code="o">H311.3 CON 5</subfield>
    <subfield code="p">R11548</subfield>
    <subfield code="r">2026-04-10 16:08:18</subfield>
    <subfield code="w">2026-04-10</subfield>
    <subfield code="y">RN</subfield>
  </datafield>
  <datafield tag="952" ind1=" " ind2=" ">
    <subfield code="0">0</subfield>
    <subfield code="1">0</subfield>
    <subfield code="4">0</subfield>
    <subfield code="7">0</subfield>
    <subfield code="a">BCEJYS</subfield>
    <subfield code="b">BCEJYS</subfield>
    <subfield code="c">17</subfield>
    <subfield code="d">1969-04-01</subfield>
    <subfield code="h">N&#xBA; 4 - abr. 1969</subfield>
    <subfield code="l">0</subfield>
    <subfield code="o">H311.3 CON 4</subfield>
    <subfield code="p">R11547</subfield>
    <subfield code="r">2026-04-10 16:08:18</subfield>
    <subfield code="w">2026-04-10</subfield>
    <subfield code="y">RN</subfield>
  </datafield>
  <datafield tag="952" ind1=" " ind2=" ">
    <subfield code="0">0</subfield>
    <subfield code="1">0</subfield>
    <subfield code="4">0</subfield>
    <subfield code="7">0</subfield>
    <subfield code="a">BCEJYS</subfield>
    <subfield code="b">BCEJYS</subfield>
    <subfield code="c">17</subfield>
    <subfield code="d">1969-03-01</subfield>
    <subfield code="h">N&#xBA; 3 - mar. 1969</subfield>
    <subfield code="l">0</subfield>
    <subfield code="o">H311.3 CON 3</subfield>
    <subfield code="p">R11546</subfield>
    <subfield code="r">2026-04-10 16:08:18</subfield>
    <subfield code="w">2026-04-10</subfield>
    <subfield code="y">RN</subfield>
  </datafield>
  <datafield tag="952" ind1=" " ind2=" ">
    <subfield code="0">0</subfield>
    <subfield code="1">0</subfield>
    <subfield code="4">0</subfield>
    <subfield code="7">0</subfield>
    <subfield code="a">BCEJYS</subfield>
    <subfield code="b">BCEJYS</subfield>
    <subfield code="c">17</subfield>
    <subfield code="d">1969-02-01</subfield>
    <subfield code="h">N&#xBA; 2 - feb. 1969</subfield>
    <subfield code="l">0</subfield>
    <subfield code="o">H311.3 CON 2</subfield>
    <subfield code="p">R11545</subfield>
    <subfield code="r">2026-04-10 16:08:18</subfield>
    <subfield code="w">2026-04-10</subfield>
    <subfield code="y">RN</subfield>
  </datafield>
  <datafield tag="952" ind1=" " ind2=" ">
    <subfield code="0">0</subfield>
    <subfield code="1">0</subfield>
    <subfield code="4">0</subfield>
    <subfield code="7">0</subfield>
    <subfield code="a">BCEJYS</subfield>
    <subfield code="b">BCEJYS</subfield>
    <subfield code="c">17</subfield>
    <subfield code="d">1969-01-01</subfield>
    <subfield code="h">N&#xBA; 1 - ene. 1969</subfield>
    <subfield code="l">0</subfield>
    <subfield code="o">H311.3 CON 1</subfield>
    <subfield code="p">R11544</subfield>
    <subfield code="r">2026-04-10 16:08:18</subfield>
    <subfield code="w">2026-04-10</subfield>
    <subfield code="y">RN</subfield>
  </datafield>
</record>
